Iron Maiden : Illustration #2 - Statistiques

Statistiques générales
  • Ce quiz a été pris 7 fois
  • Le résultat moyen est 6 sur 16
Statistiques - réponses
Par images Réponse % Correct
Aces high
100%
Powerslave
100%
Maiden Japan
50%
Out of the silent planet
50%
Virus
50%
Women in uniform
50%
2 minutes to midnight
25%
Holy smoke
25%
Maiden England '88
25%
Man on the edge
25%
Purgatory
25%
The evil that men do
25%
Best of the 'B' Sides
0%
Bring your daughter... to the slaughter
0%
Wildest dreams
0%
World piece tour '83
0%
Aucun quiz correspondant
Distribution des résultats
% des personnes avec chaque résultat
Percentile par nombre de réponses
Votre historique - résultats
Vous n’avez pas pris ce quiz